Rilke: elegías de Duino. Dibujos

Spremljeno u:
Bibliografski detalji
Glavni autori: Di Girolamo Carlini, Vittorio (Autor), Girolamo A., Sebastian di (Autor)
Format: Knjiga
Jezik:španjolski
Izdano: Santiago Instituto Cultural de Providencia 1988
Izdanje:1a. ed
Teme:
Oznake: Dodaj oznaku
Bez oznaka, Budi prvi tko označuje ovaj zapis!

MARC

LEADER 00000cam a2200000 a 4500
001 UCE4072
003 CL-VaPUC
008 141009e19880000cl |||||||||||||||||spa|d
082 0 4 |a 741.9  |b GIR  |2 21 
100 |a Di Girolamo Carlini, Vittorio  |e author  |9 556399 
700 0 |a Girolamo A., Sebastian di  |e author  |9 576639 
245 1 0 |a Rilke: elegías de Duino. Dibujos 
250 |a 1a. ed 
300 |a pág. irreg 
942 |c BK 
945 |d 20141009 14:36:00  |a dcastane 
260 |a Santiago  |b Instituto Cultural de Providencia  |c 1988 
600 0 |a Rilke, Rainer Maria  |9 265571 
650 0 |a Dibujos artísticos  |9 564831 
650 0 |a Arte moderno  |9 265333 
650 0 |a Expresión artística   |9 470734 
583 |a last modification  |c 20141009 14:36:00  |k Rodrigo Vera 
999 |c 357150  |d 357148 
952 |0 0  |1 0  |3 erb  |4 0  |6 741_900000000000000_GIR_1988  |7 0  |8 A  |9 464973  |a BIBART  |b BIBART  |i 5044332  |o 741.9 GIR 1988  |p 5044332  |r 2025-03-13  |w 2019-11-23  |y BK  |z Catalogado en:20141009  |k ART